Poemata Londinensia : jam tandem consummata, et in unum volumen redacta ...

Bibliographic Details
Main Author: Ford, Simon, 1619?-1699
Format: Microform Book
Language:Latin
English
Published: Londini : Excudebat A.M. pro Sa. Gellibrand, 1668.
Series:Early English books, 1641-1700 ; 915:5.
Subjects:

MARC

Tag First Indicator Second Indicator Subfields
LEADER 00000cam a2200000 a 4500
001 in00000953821
005 20150927070701.0
007 hd afv|||baca
008 850823s1668 miu a 00000 lat d
035 |a (OCoLC)12416562 
035 |9 AEU7394AM 
037 |a CL0037000029  |b UMI 
037 |b University Microfilms International, 300 N. Zeeb Rd., Ann Arbor, MI 48106 
040 |a EAA  |c EAA  |d m/c  |d EAA  |d UtOrBLW 
041 0 |a eng  |a lat 
043 |a e-uk-en 
045 0 |b d1666 
049 |a TXAI 
099 |a film   |a  B   |a  3609 
100 1 |a Ford, Simon,  |d 1619?-1699. 
245 1 0 |a Poemata Londinensia :  |b jam tandem consummata, et in unum volumen redacta ... 
264 1 |a Londini :  |b Excudebat A.M. pro Sa. Gellibrand,  |c 1668. 
300 |a 2 unnumbered pages, 32 pages, 1 unnumbered page 
336 |a text  |b txt  |2 rdacontent 
337 |a microform  |b h  |2 rdamedia 
338 |a microfilm reel  |b hd  |2 rdacarrier 
500 |a Written by Simon Ford. Cf. Wing and NUC pre-1956. 
500 |a Added title page: Conflagratio Londinensis poetice depicta = The conflagration of London poetically described : both in Latin and English. London : Printed for Sa. Gellibrand, 1667. 
500 |a First 2 works in English and Latin; second 2 works in Latin. 
505 0 |a (from t.p.) Conflagratio Londinensis -- Londini quod reliquum -- Actio in Lond. incendarios -- Londini renascentis imago. 
500 |a Reproduction of original in Huntington Library. 
510 4 |a Wing  |c F1495 
533 |a Microfilm.  |b Ann Arbor, Mich. :  |c University Microfilms International,  |d 1978.  |e 1 microfilm reel ; 35 mm.  |f (Early English books, 1641-1700 ; 915:5) 
500 |a Microform. 
651 0 |a London (England)  |x History  |y 17th century  |x Poetry. 
650 0 |a Fires  |z England  |z London  |x Poetry. 
740 0 |a Conflagratio Londinensis poetice depicta. 
740 4 |a The conflagration of London poetically described. 
740 0 |a Conflagratio Londinensis. 
740 0 |a Londini quod reliquum. 
740 0 |a Actio in Lond. incendarios. 
740 0 |a Londini renascentis imago. 
830 0 |a Early English books, 1641-1700 ;  |v 915:5. 
999 |a MARS 
999 f f |s da9d59b6-cef7-3f50-8a10-07dbf8b53207  |i 163d43af-f76c-3cb5-98d1-da1616d9aecd  |t 0 
952 f f |p default  |a Texas A&M University  |b College Station  |c Sterling C. Evans Library  |d Evans: Microforms (3rd floor)  |t 0  |e film B 3609 915:5  |h Other scheme  |i microform -- microfilm reel 
998 f f |a film B 3609 915:5  |t 0  |l Evans: Microforms (3rd floor)